00950nim a2200205 i 45000010005000000030009000050050017000140070015000310080041000461000037000872450103001242600041002273000056002685000038003245180166003626000056005286100070005847100061006548520029007154750ES-MaACL20250612063102.0s|r|||||||||||070813s1976 sp ||| |||||||| | spa d1 aOurvantzoff, Miguel, d1897-198013aEl árbol genealógico de la Celestina [hGrabación sonora] / cinterviene Miguel Ourvantzoff. aMadrid : bAteneo de Madrid, c1976. a1 disco (CD-DA) : b1 h. 12 min. 36 seg. ; c12 cm. aDatos basados en la invitación. aActo organizado por el Aula de Conferencias Independientes del Ateneo de Madrid, grabado en la sala de conferencias el martes 20 de enero de 1976, a las 19:30 h.14aRojas, Fernando de, dca. 1470-1541. tLa Celestina24aAteneo de Madrid-xActos culturales-y1976-vGrabaciones sonoras.2 aAteneo de Madrid. bAula de Conferencias Independientes. aES-MaACLcROTjROT 3/5/9